000 00667nam a2200193 i 4500
001 83455
003 ES-MaACL
005 20240413063033.0
007 t|
008 041117s1971 sp ||||1| spa d
100 0 _aIrizarry, Estelle,
_d1937-2017
_965485
245 1 0 _aTeoría y creación literaria en Francisco Ayala /
_cEstelle Irizarry.
260 _aMadrid :
_bGredos,
_c[1971]
300 _a274 p. ;
_c21 cm.
490 1 _aBiblioteca románica hispánica. II. Estudios y ensayos ;
_v151
830 0 _aBiblioteca románica hispánica. II. Estudios y ensayos ;
_v151
_9178108
852 _aES-MaACL
_jC-39439
_bR.76875
999 _c83455
_d83455